|
|
|
|
| LEADER |
00000nam2a2200000 4500 |
| 001 |
139707 |
| 005 |
20231031141834.0 |
| 010 |
|
|
|a 9785922108898
|
| 035 |
|
|
|a (RuTPU)RU\TPU\book\151342
|
| 090 |
|
|
|a 139707
|
| 100 |
|
|
|a 20080610d2008 m y0rusy50 ca
|
| 101 |
0 |
|
|a rus
|
| 102 |
|
|
|a RU
|
| 105 |
|
|
|a a j 000zy
|
| 200 |
0 |
|
|a Ч. 1
|
| 210 |
|
|
|d 2008
|
| 215 |
|
|
|a 672 с.
|c ил.
|
| 330 |
|
|
|a Пособие соответствует программе курса высшей математики для студентов инженерно-технических специальностей и представляет собой достаточно полное и доступное руководство к решению задач и примеров традиционного курса высшей математики. Пособие построено по принципу проведения практических занятий — каждый параграф соответствует определенной теме и включает краткую сводку основных теоретических положений, большое число детально решенных типовых задач и примеров, определенное количество задач и примеров для самостоятельной работы и контрольные вопросы, которые предполагают глубокое понимание теоретического материала. Допущено Министерством образования и науки РФ в качестве учебного пособия для студентов вузов, обучающихся по техническим специальностям.
|
| 461 |
|
1 |
|0 (RuTPU)RU\TPU\book\156483
|t Курс классической математики в примерах и задачах
|o в 3-х частях
|o учебное пособие
|f В. С. Герасимчук, Г. С. Васильченко, В. И. Кравцов
|v Ч. 1
|d 2008
|s Математика. Прикладная математика
|
| 610 |
1 |
|
|a математика
|
| 610 |
1 |
|
|a учебные пособия
|
| 610 |
1 |
|
|a примеры
|
| 610 |
1 |
|
|a задачи
|
| 610 |
1 |
|
|a аналитическая геометрия
|
| 610 |
1 |
|
|a плоскости
|
| 610 |
1 |
|
|a линейная алгебра
|
| 610 |
1 |
|
|a пространство
|
| 610 |
1 |
|
|a математический анализ
|
| 610 |
1 |
|
|a функции одной переменной
|
| 610 |
1 |
|
|a дифференциальные исчисления
|
| 610 |
1 |
|
|a функции нескольких переменных
|
| 610 |
1 |
|
|a прикладные задачи
|
| 610 |
1 |
|
|a прикладная математика
|
| 610 |
1 |
|
|a высшая математика
|
| 675 |
|
|
|a 51(076)
|v 3
|
| 801 |
|
1 |
|a RU
|b 63413507
|c 20080610
|g PSBO
|
| 801 |
|
2 |
|a RU
|b 63413507
|c 20150430
|g PSBO
|
| 900 |
|
|
|a Математика
|
| 900 |
|
|
|a Линейная алгебра и аналитическая геометрия
|
| 900 |
|
|
|a Аналитическая геометрия и линейная алгебра
|
| 900 |
|
|
|a Дифференциальное исчисление
|
| 900 |
|
|
|a Высшая математика
|
| 942 |
|
|
|c BK
|
| 952 |
|
|
|a 550000
|
| 959 |
|
|
|a 65/20080529
|d 2
|e 624,80
|f АНЛ:1
|f ЧЗТЛ:1
|